[Event "USA-ch"]
[Site "USA"]
[Date "1989.??.??"]
[Round "15"]
[White "Fedorowicz, John P"]
[Black "Gulko, Boris F"]
[Result "1/2-1/2"]
[WhiteElo "2560"]
[BlackElo "2610"]
[Annotator "Schussler,H"]
[PlyCount "137"]
[EventDate "1989.11.??"]
[EventType "tourn"]
[EventRounds "15"]
[EventCountry "USA"]
[EventCategory "12"]
[SourceTitle "CBM 019"]
[Source "ChessBase"]
[SourceDate "1990.12.01"]
[SourceVersion "1"]
[SourceVersionDate "1990.12.01"]
[SourceQuality "1"]

1. e4 e5 2. Nf3 Nc6 3. Bb5 Bc5 4. O-O Nf6 5. Nxe5 Nxe5 6. d4 a6 7. Ba4 Nxe4 8.
Qe2 Be7 {If 8. - Qe7 9.Qxe4 Nc6 both 10.Qxe7+ and 10.Qg4 is slightly better
for White.} 9. Qxe4 Ng6 10. c4 O-O 11. Nc3 c6 $5 {A new move, which is more
solid than the usual 11. - f5. If 12.d5 now Black might try 12. - f5 followed
by 13. - Bf6. With 11. - c6 Black prevents 12.Nd5.} 12. Bc2 d6 13. Qd3 f5 14.
f4 Bf6 15. Kh1 Bd7 16. a4 $1 $14 {White has more space.} a5 17. Be3 Re8 18. Bg1
Nf8 19. Rab1 g6 20. b4 axb4 21. Rxb4 Bc8 22. d5 Qe7 23. dxc6 bxc6 24. Rb6 Bd7
25. Rd1 Rad8 26. Na2 Qe2 27. Nb4 Qxd3 28. Bxd3 Rb8 29. a5 (29. c5 dxc5 30. Rxb8
Rxb8 31. Na6 $16 {(Fedorowicz)}) 29... Ne6 30. g3 Bc3 31. Rb1 Rxb6 32. Bxb6 Ra8
33. Kg2 Nc5 34. Be2 Ne4 35. Rb3 Kf7 36. Bf3 Bd2 37. Nc2 Be6 38. Be2 d5 39. cxd5
Bxd5 40. Ra3 Bc1 41. Rd3 Nd2+ $6 {41. - Bd2! looks good.} 42. Kf2 Be4 43. Rd7+
Ke6 44. Rc7 Bd5 45. Rxh7 {45.a6!?} c5 46. Bb5 Ne4+ 47. Kg1 Bd2 48. Ra7 Rxa7 49.
Bxa7 Bxa5 50. Be8 Kf6 51. Bb8 Bc3 52. Ne3 Be6 53. Kg2 Nd2 54. Bc6 Nc4 55. Nxc4
Bxc4 56. Ba7 Bd4 57. Kf3 Ke6 58. Be8 Bd5+ 59. Ke2 Kf6 60. h4 Bf7 61. Bc6 Ke7
62. Bf3 Kd6 63. Bb8+ Kd7 64. g4 Bc4+ 65. Kd2 fxg4 66. Bxg4+ Be6 67. Be2 c4 68.
Be5 c3+ 69. Kc1 1/2-1/2

[Event "Groningen op"]
[Site "Groningen"]
[Date "1990.??.??"]
[Round "7"]
[White "Vehi Bach, Victor Manuel"]
[Black "Mikhalchishin, Adrian"]
[Result "1/2-1/2"]
[WhiteElo "2400"]
[BlackElo "2510"]
[Annotator "Schussler,H"]
[PlyCount "83"]
[EventDate "1990.??.??"]
[EventType "swiss"]
[EventRounds "9"]
[EventCountry "NED"]
[SourceTitle "CBM 022"]
[Source "ChessBase"]
[SourceDate "1991.06.01"]
[SourceVersion "1"]
[SourceVersionDate "1991.06.01"]
[SourceQuality "1"]

1. e4 e5 2. Nf3 Nc6 3. Bb5 a6 4. Ba4 Nf6 5. O-O b5 6. Bb3 Bb7 7. c3 Nxe4 8. d4
Na5 9. Bc2 exd4 10. b4 Nc4 11. Bxe4 Bxe4 12. Re1 d5 13. Nxd4 c5 14. bxc5 Bxc5
15. f3 O-O 16. fxe4 dxe4 17. Rxe4 Qd5 18. Rh4 Rad8 19. Nd2 {New.} Ne3 20. Qf3
Nf5 $1 21. Qxd5 Rxd5 22. Rh5 g6 {22. - Tfd8} 23. Rxf5 Rxf5 24. N2f3 (24. N2b3
Bb6 25. Bh6 Re8 26. Rd1 f6 $15 {(Mikhalchishin)}) 24... Re8 25. Kf1 Rd5 26. Bd2
Bf8 27. Re1 $10 Rxe1+ 28. Kxe1 b4 29. Nb3 bxc3 30. Bxc3 Bg7 31. Bd2 $5 h6 32.
Ke2 g5 33. h3 {33.g4} f5 34. g3 Kf7 35. Ke3 Bf6 36. g4 Kg6 37. Nbd4 fxg4 38.
hxg4 Bxd4+ 39. Nxd4 h5 40. Ke4 Rc5 41. gxh5+ Kxh5 42. Ne6 1/2-1/2

[Event "Correze m"]
[Site "Correze"]
[Date "1991.??.??"]
[Round "4"]
[White "Renet, Olivier"]
[Black "Shirov, Alexei"]
[Result "0-1"]
[WhiteElo "2470"]
[BlackElo "2615"]
[Annotator "Schussler,H"]
[PlyCount "62"]
[EventDate "1991.01.??"]
[EventType "match"]
[EventRounds "6"]
[EventCountry "FRA"]
[SourceTitle "CBM 023"]
[Source "ChessBase"]
[SourceDate "1991.08.01"]
[SourceVersion "1"]
[SourceVersionDate "1991.08.01"]
[SourceQuality "1"]

1. e4 e5 2. Nf3 Nc6 3. Bb5 a6 4. Ba4 Nf6 5. O-O b5 6. Bb3 Bb7 7. c3 Nxe4 8. d4
Na5 9. Bc2 (9. Nxe5 Nxb3 10. Qxb3 Qf6 11. f3 Nc5 12. Ng4 Nxb3 13. Nxf6+ gxf6
14. Re1+ Be7 15. axb3 d6 $10 {Wolff,P-Tal,M, San Fransisco 1991 CBM 23, game
785}) 9... exd4 10. Nxd4 $5 {The main-lines is 10.b4 Sc4 11.Bxe4 Bxe4 12.Re1
d5 13.Nxd4 c5!?.} c5 11. Nf5 Qf6 12. Qf3 Ng5 $1 (12... Nd6 13. Qe3+ Kd8 14.
Qxc5 Ne4 15. Qd4 Qxf5 16. Nd2 Qf6 17. Nxe4 Qxd4 18. cxd4 {This gave White a
small edge in the second game of the same Renet-Shirov- match (disk 23, game
68).}) 13. Qe2+ Ne6 14. Bf4 {14.a4!?} Nc4 15. Na3 O-O-O 16. Bg3 Nxa3 17. bxa3
g6 $1 $17 18. Qe5 $2 Qxe5 19. Bxe5 gxf5 20. Bxh8 Be7 21. Be5 d6 22. Bg3 f4 $19
23. a4 Bf6 24. Rab1 fxg3 25. fxg3 Bxc3 26. Rxf7 Nd4 27. Bxh7 Bd5 28. Rf2 b4 29.
Bg6 Nc6 30. Kh1 Ne5 31. Bf5+ Kc7 0-1

[Event "Oakham YM"]
[Site "Oakham"]
[Date "1992.??.??"]
[Round "4"]
[White "Gdanski, Jacek"]
[Black "Volzhin, Alexander"]
[Result "1-0"]
[WhiteElo "2435"]
[BlackElo "2370"]
[Annotator "Schussler,H"]
[PlyCount "127"]
[EventDate "1992.03.??"]
[EventType "swiss"]
[EventRounds "9"]
[EventCountry "ENG"]
[SourceTitle "CBM 030"]
[Source "ChessBase"]
[SourceDate "1992.10.01"]
[SourceVersion "1"]
[SourceVersionDate "1992.10.01"]
[SourceQuality "1"]

1. e4 e5 2. Nf3 Nc6 3. Bb5 a6 4. Ba4 Nf6 5. O-O b5 6. Bb3 Bb7 7. c3 Nxe4 8. d4
Na5 9. Nxe5 Nxb3 10. Qxb3 Qf6 11. f3 Nc5 12. Ng4 Nxb3 13. Nxf6+ gxf6 $1 (13...
Ke7 {Hall,J-Colinson,A/Oakham/1992/1-0/22/  -> CBM 30}) 14. Re1+ Be7 15. axb3
d6 16. c4 $1 (16. Bf4 Kd7 17. Nd2 a5 $1 18. Nf1 Bd5 19. c4 Bc6 20. Ne3 $14 {
Wolff,P-Tal,M/San Francisco 1991/1-0/55/ -> CBM 23}) 16... Kd7 17. Nc3 Rhg8 (
17... f5 18. Ra5 $1 Bf6 19. Rd1 c6 20. Bf4 Rhe8 21. c5 $1 $14 {Gdanski,
J-Czerwonski/POL-ch/1992/1-0/}) 18. Kf2 f5 19. Ra5 $1 Bh4+ 20. g3 Bf6 21. Rd1
Bc6 (21... c6 22. Bf4 Rae8 23. c5 $1) 22. b4 $1 $14 {/\ 23.c3; 23.d5} d5 $6 23.
c5 $1 $16 Bb7 24. Bf4 Rae8 25. Rd2 c6 26. Ra1 Bd8 27. Nd1 Bc7 $6 28. Bxc7 Kxc7
29. Ne3 Bc8 $2 (29... f4 30. Nf5 $16) 30. Ng2 $18 Re7 31. Re1 Rxe1 32. Kxe1
Re8+ 33. Re2 Rxe2+ 34. Kxe2 Kd7 35. Ke3 Ke7 36. Kf4 Kf6 37. Ne1 h6 38. Nd3 Bd7
39. Ne5 Be8 40. g4 Kg7 41. Nd3 (41. Kxf5 $5 f6 42. h4 (42. Nd3 Bg6+) 42... fxe5
43. Kxe5) 41... fxg4 42. fxg4 f6 43. h4 Kg6 44. Ne1 Bd7 45. Nf3 Be8 46. g5
hxg5+ 47. hxg5 fxg5+ 48. Nxg5 Kf6 49. Nf3 Bh5 50. Ne5 Be8 51. Kg4 $18 Ke6 52.
Kg5 Ke7 53. Kf5 Kd8 54. Ke6 Kc7 55. Ke7 Bh5 56. Nf7 Bg6 57. Ng5 Bh5 58. Ne6+
Kc8 59. Kd6 Be8 60. Nc7 Bd7 61. Nxa6 Be8 62. Nc7 Bd7 63. Ne6 Be8 64. Nf4 {
The N goes to e5 and them, after b3, Black has no moves.} 1-0

[Event "Linares 10th"]
[Site "Linares"]
[Date "1992.??.??"]
[Round "6"]
[White "Ivanchuk, Vassily"]
[Black "Beliavsky, Alexander G"]
[Result "1/2-1/2"]
[WhiteElo "2720"]
[BlackElo "2620"]
[Annotator "Schussler,H"]
[PlyCount "123"]
[EventDate "1992.02.??"]
[EventType "tourn"]
[EventRounds "13"]
[EventCountry "ESP"]
[EventCategory "17"]
[SourceTitle "CBM 028"]
[Source "ChessBase"]
[SourceDate "1992.06.01"]
[SourceVersion "1"]
[SourceVersionDate "1992.06.01"]
[SourceQuality "1"]

1. e4 e5 2. Nf3 Nc6 3. Bb5 a6 4. Ba4 Nf6 5. O-O b5 6. Bb3 Bb7 7. c3 Nxe4 8. d4
Na5 9. Nxe5 {The main-line is 9.Bc2 - see Alnasi,Z-Stern,R, Budapest Honved
1991 CBM 27 game 137.} Nxb3 10. Qxb3 Qf6 11. f3 Nc5 12. Ng4 Nxb3 13. Nxf6+ Ke7
14. axb3 (14. Bg5 $1 Nxa1 (14... gxf6 15. Re1+ Kd6 16. Bf4+ $14) 15. Re1+ Kd6
16. Bf4+ Kc6 17. d5+ Kc5 (17... Kb6 18. Nxd7+ $18) 18. b4+ Kc4 19. Na3+ Kxc3
20. Ne4+ Kxb4 21. Rb1+ Kxa3 22. Nc3 $18 {Black resigned in Hall-Colinson,
Oakham 1992.}) 14... Kxf6 15. c4 bxc4 16. bxc4 Bb4 17. Bd2 a5 18. Bxb4 axb4 19.
Nd2 d6 20. Kf2 Rhe8 21. d5 c5 $10 22. dxc6 Bxc6 23. Nb3 Bd7 24. Nd4 Rec8 25.
Rxa8 Rxa8 26. Ke3 Ra2 27. Rf2 Ra5 28. Rd2 Rc5 29. b3 Re5+ {29. - d5} 30. Kf2
Ra5 31. Nc2 Ra2 32. Ke1 Rb2 33. Nxb4 Rxb3 34. Rxd6+ Be6 35. Rb6 Rb1+ 36. Kf2
Rc1 37. Nd5+ Ke5 38. Ne3 Rc3 39. h4 $14 h5 40. Rb5+ Kd4 41. Nf5+ Kxc4 42. Nd6+
Kd4 43. Rxh5 Rc2+ 44. Kg3 g6 45. Rh7 f5 46. Re7 Bb3 47. Rg7 Rc6 48. Nb7 Ke5 49.
Na5 Rb6 50. Rb7 f4+ 51. Kg4 Rxb7 52. Nxb7 Bc4 53. Kg5 Bf1 54. Nc5 Bxg2 55. Nd3+
Kd4 56. Ne1 Bf1 57. Kxf4 Bb5 58. Kg5 Be8 59. Ng2 Bc6 60. Kf4 Kd5 61. Ne3+ Ke6
62. Ng4 1/2-1/2

[Event "Oslo Cup"]
[Site "Oslo"]
[Date "1991.??.??"]
[Round "4"]
[White "Elseth, Roar"]
[Black "Tisdall, Jonathan D"]
[Result "1-0"]
[WhiteElo "2345"]
[BlackElo "2435"]
[Annotator "Schussler,H"]
[PlyCount "85"]
[EventDate "1991.03.??"]
[EventType "tourn"]
[EventRounds "9"]
[EventCountry "NOR"]
[EventCategory "9"]
[SourceTitle "CBM 023"]
[Source "ChessBase"]
[SourceDate "1991.08.01"]
[SourceVersion "1"]
[SourceVersionDate "1991.08.01"]
[SourceQuality "1"]

1. e4 e5 2. Nf3 Nc6 3. Bb5 a6 4. Ba4 Nf6 5. O-O b5 6. Bb3 Bb7 7. Re1 Bc5 8. c3
d6 9. d4 Bb6 10. Bg5 (10. Be3 O-O 11. Nbd2 h6 12. h3 exd4 13. cxd4 Nb4 14. Qb1
c5 $13 {Renet,O-Shirov,A Disk 23, game 72}) 10... h6 11. Bh4 g5 (11... O-O 12.
a4 exd4 13. axb5 axb5 14. Rxa8 Bxa8 15. cxd4 Re8 16. Nc3 g5 17. Bxg5 $16 {
17.Qd2!?}) 12. Bg3 O-O 13. dxe5 dxe5 $5 {13. - Nxe5} 14. Qe2 {14.Nbd2! + =} Nh5
15. Bd5 Qf6 16. Nbd2 Rad8 17. a4 Kh8 18. axb5 axb5 19. Rad1 Rg8 20. Bxc6 Nxg3
21. hxg3 Bxc6 22. Nh2 g4 23. Nhf1 h5 24. Ne3 h4 25. gxh4 Qxh4 26. Nf5 Qg5 27.
Nf1 Rde8 28. N1g3 Rg6 29. Qd2 Qf6 30. b4 Qe6 31. Qd3 Kg8 32. Kf1 Ra8 33. Rd2
Bb7 34. Ke2 c5 35. Red1 Bc6 36. Ke1 cxb4 37. cxb4 Rd8 38. Qc2 Rxd2 39. Rxd2 Kh7
40. Rd6 Qe8 41. Qc1 Re6 42. Qg5 Qf8 43. Qh5+ {43. - Kg8 44.Nh6+ Kg7 45.Ngf5+
Kf6 46.Nhxg4 mate.} 1-0

[Event "Rubinstein Memorial"]
[Site "Polanica Zdroj"]
[Date "1991.??.??"]
[Round "7"]
[White "Romanishin, Oleg M"]
[Black "Mainka, Romuald"]
[Result "1/2-1/2"]
[WhiteElo "2600"]
[BlackElo "2445"]
[Annotator "Schussler,H"]
[PlyCount "110"]
[EventDate "1991.09.??"]
[EventType "tourn"]
[EventRounds "11"]
[EventCountry "POL"]
[EventCategory "11"]
[SourceTitle "CBM 026"]
[Source "ChessBase"]
[SourceDate "1992.02.01"]
[SourceVersion "1"]
[SourceVersionDate "1992.02.01"]
[SourceQuality "1"]

1. e4 e5 2. Nf3 Nc6 3. Bb5 a6 4. Ba4 Nf6 5. O-O b5 6. Bb3 Bb7 7. d3 (7. Re1 Bc5
8. c3 d6 9. d4 Bb6 10. Be3 h6 11. h3 O-O 12. Nbd2 Re8 13. d5 Ne7 14. Bxb6 cxb6
15. a4 $5 {25.Bc2.} bxa4 16. Bxa4 Rf8 17. Bc2 Nd7 18. Nc4 {Dolmatov,S-Mainka,
Polanica Zdroj 1991 (CBM 26/game 589). White has a very slight edge.}) (7. c3
Be7 $5 {The main-line continues with 7. - Nxe4 - see Lau,R-Mainka, Polanica
Zdroj 1991 (CBM 26/game 566) and Ulibin,M-Arencibia,W, Santa Clara, 1991 (CBM
26/ game 809.} 8. d4 d6 9. Qe2 O-O 10. Rd1 Nd7 11. a4 $14 {Magem Badels,J-Diaz,
JC, Santa Clara 1991 (CBM 26/game 793).}) 7... Bd6 8. a3 (8. c3 O-O 9. Nbd2 Na5
10. Bc2 Re8 11. Re1 (11. d4 $6 exd4 12. cxd4 Nxe4 13. Nxe4 Bxe4 14. Bxe4 Rxe4
15. Ng5 Re7 16. Qd3 g6 17. Ne4 Re8 {(Watson,W).}) 11... c5 $1 {11. - Bf8 12.
d4! was slightly better for White in Watson,W-Hellers,F, Norway 1991.} 12. Nf1
Bf8 13. Ng3 d5 $10 {Garcia Martinez,S-Diaz,JC, Santa Clara 1991 (CBM 26/game
761).}) 8... O-O (8... Na5 $1 9. Ba2 c5 $13 {(Beljavskij).}) 9. c4 Na5 10. cxb5
axb5 11. Ba2 c5 12. Bg5 h6 13. Bxf6 Qxf6 14. Nc3 b4 15. Nd5 Qd8 16. Ne3 bxa3 $1
(16... Re8 $6 17. Nd2 Nc6 18. Qh5 Rf8 19. Nf5 Qf6 20. Nc4 $16 {Romanishin,
O-Beljavskij,A, Reggio Emilia 1991.}) 17. bxa3 Kh7 $6 18. Nd2 Ra7 19. Ndc4 Nxc4
20. Bxc4 Qg5 21. Qb3 $16 Bc6 22. Bxf7 c4 23. Qxc4 Ra4 24. Qb3 Bc5 25. Nd1 Ra6
26. Qc4 Bd4 27. Qxa6 Bxa1 28. Bd5 Bxd5 29. Qd6 Rf6 30. Qxd5 Bd4 31. Qxd7 Qd2
32. Qh3 Qe2 33. a4 h5 34. a5 g5 35. a6 Kh6 36. Qd7 Rxa6 37. Ne3 Bxe3 38. fxe3
Qxe3+ 39. Kh1 Qf2 40. Rg1 h4 41. Qc8 Rf6 42. Qh8+ Kg6 43. Qe8+ Kh6 44. Qxe5 g4
45. d4 Rf4 46. h3 Kg6 47. d5 Qe3 48. Ra1 Rf6 49. hxg4 h3 50. Rg1 hxg2+ 51. Rxg2
Rf3 52. Qe6+ Kg7 53. Qe7+ Kg6 54. Qe6+ Kg7 55. Qe7+ Kg6 1/2-1/2

[Event "Helsinki op"]
[Site "Helsinki"]
[Date "1992.??.??"]
[Round "6"]
[White "Ebeling, Mika"]
[Black "Yakovich, Yuri"]
[Result "1/2-1/2"]
[WhiteElo "2375"]
[BlackElo "2520"]
[Annotator "Schussler,H"]
[PlyCount "46"]
[EventDate "1992.09.??"]
[EventType "swiss"]
[EventRounds "9"]
[EventCountry "FIN"]
[SourceTitle "CBM 032"]
[Source "ChessBase"]
[SourceDate "1993.02.01"]
[SourceVersion "1"]
[SourceVersionDate "1993.02.01"]
[SourceQuality "1"]

1. e4 e5 2. Nf3 Nc6 3. Bb5 a6 4. Ba4 Nf6 5. O-O b5 6. Bb3 Bb7 7. c3 h6 {
7. - Nxe4} (7... Be7 8. d4 {8.Re1.} d6 9. Nbd2 O-O $13 {Bronstein-Ceskovskij,
Soviet 1974.} 10. Bc2 Re8 11. Nb3) 8. d4 d6 9. Qe2 (9. Nbd2 g6 10. Bc2 Bg7 11.
b3 O-O 12. Bb2 Re8 13. d5 Nb8 14. c4 Nbd7 15. Qe2 c6 {+/=/=, Vitolins-Koslov,
Soviet 1975.}) (9. Re1 g6 10. a4 (10. Nbd2 Bg7 11. a3 O-O 12. Bc2 Nd7 $10 {
Kinnmark,O-Zinn, Halle 1967}) 10... Bg7 11. axb5 axb5 12. Rxa8 Bxa8 13. Na3 $1
$14 {Ivanov,A-Kozlov, Soveit 1975.}) 9... g6 10. a4 Bg7 11. dxe5 dxe5 12. axb5
axb5 13. Rxa8 Qxa8 14. Na3 $1 $14 b4 15. cxb4 O-O 16. Nc2 Nxe4 $1 $10 17. Bxh6
Bxh6 18. Qxe4 Ne7 19. Qxe5 Bxf3 20. gxf3 Qxf3 21. Qxe7 Qg4+ 22. Kh1 Qf3+ 23.
Kg1 Qg4+ 1/2-1/2

[Event "OHRA-A"]
[Site "Amsterdam"]
[Date "1990.??.??"]
[Round "3"]
[White "Nunn, John DM"]
[Black "Beliavsky, Alexander G"]
[Result "0-1"]
[WhiteElo "2610"]
[BlackElo "2605"]
[Annotator "Schussler,H"]
[PlyCount "80"]
[EventDate "1990.07.??"]
[EventType "tourn"]
[EventRounds "10"]
[EventCountry "NED"]
[EventCategory "14"]
[SourceTitle "CBM 020"]
[Source "ChessBase"]
[SourceDate "1991.02.01"]
[SourceVersion "1"]
[SourceVersionDate "1991.02.01"]
[SourceQuality "1"]

1. e4 e5 2. Nf3 Nc6 3. Bb5 a6 4. Ba4 Nf6 5. O-O b5 6. Bb3 Bb7 7. c3 Nxe4 8. d4
Na5 9. Bc2 exd4 10. b4 Nc4 11. Bxe4 Bxe4 12. Re1 d5 13. Nxd4 c5 $5 {Rantanen/
Michalchishin} 14. bxc5 Bxc5 15. f3 O-O 16. fxe4 dxe4 17. Kh1 (17. Rxe4 Qd5 18.
Qf3 {18.Rh4 Rad8 19.Qd3 f5 = +, Ulibin-Hauchard, World Junior, Chile 1990.} Ne5
$1 19. Qf5 Rae8 20. Nd2 g6 $10) 17... Re8 18. Be3 Nxe3 19. Rxe3 b4 20. Nd2 bxc3
21. N2b3 c2 22. Qd2 Bb6 $10 23. Rc3 e3 24. Rxe3 Rxe3 25. Qxe3 a5 26. a4 Qd7 27.
Rc1 Qxa4 28. Rxc2 Qb4 29. Rd2 $2 $17 {29.Qd2 =} a4 30. Nc1 a3 31. h3 Qb1 32.
Qg1 Rd8 33. Ncb3 a2 34. Rd1 Qb2 35. Qe1 g6 36. Qe7 Qc3 $2 (36... Rxd4 37. Qe8+
Kg7 38. Qe5+ Kh6 $19) 37. Rf1 Qc4 38. Qf6 {38.Qe2!?} Rxd4 $19 39. Nxd4 Bxd4 40.
Qf4 Qxf1+ 0-1

[Event "Stara Zagora zt-B"]
[Site "Stara Zagora"]
[Date "1990.??.??"]
[Round "12"]
[White "Georgiev, Krum"]
[Black "Ionescu, Constantin"]
[Result "1/2-1/2"]
[WhiteElo "2455"]
[BlackElo "2455"]
[Annotator "Schussler,H"]
[PlyCount "35"]
[EventDate "1990.02.??"]
[EventType "tourn"]
[EventRounds "13"]
[EventCountry "BUL"]
[EventCategory "10"]
[SourceTitle "CBM 017"]
[Source "ChessBase"]
[SourceDate "1990.08.01"]
[SourceVersion "1"]
[SourceVersionDate "1990.08.01"]
[SourceQuality "1"]

1. e4 e5 2. Nf3 Nc6 3. Bb5 Nf6 4. O-O Bc5 5. Nxe5 Nxe5 6. d4 a6 7. Ba4 Nxe4 8.
Qe2 Be7 9. dxe5 (9. Qxe4 Ng6 10. Nc3 O-O 11. f4 $5 f5 12. Qf3 c6 13. d5 Kh8 14.
Be3 c5 15. Bb3 $10 {Palkovi-Ionescu (Game 704/disk 17) 15. d6!?.}) 9... Nc5 10.
Bb3 Nxb3 11. axb3 O-O 12. Rd1 d5 13. exd6 Bxd6 14. Bf4 Re8 15. Qf3 Qf6 16. Bxd6
Qxf3 17. gxf3 cxd6 18. Nc3 1/2-1/2

[Event "Munich"]
[Site "Munich"]
[Date "1990.??.??"]
[Round "?"]
[White "Huebner, Robert"]
[Black "Beliavsky, Alexander G"]
[Result "0-1"]
[WhiteElo "2595"]
[BlackElo "2640"]
[Annotator "Schussler,H"]
[PlyCount "64"]
[EventDate "1990.04.??"]
[EventType "tourn"]
[EventRounds "11"]
[EventCountry "GER"]
[EventCategory "13"]
[SourceTitle "CBM 018"]
[Source "ChessBase"]
[SourceDate "1990.10.01"]
[SourceVersion "1"]
[SourceVersionDate "1990.10.01"]
[SourceQuality "1"]

1. e4 e5 2. Nf3 Nc6 3. Bb5 a6 4. Ba4 Nf6 5. O-O b5 6. Bb3 Bb7 7. Re1 Bc5 8. c3
O-O 9. d4 Bb6 10. Bg5 d6 11. Qd3 ({The main alternative is} 11. a4) 11... h6
12. Bh4 Na5 13. Bc2 c5 $5 14. d5 c4 15. Qe2 g5 16. Nxg5 hxg5 17. Bxg5 Kg7 18.
Qf3 Rh8 19. Nd2 Bc8 20. Nf1 Nb7 21. a4 Rb8 22. axb5 axb5 23. Ng3 Kg6 24. Nf5
Kxg5 25. Qg3+ Ng4 26. h4+ Kf6 27. Qxg4 Qg8 28. Qf3 Bxf5 29. Qxf5+ Ke7 30. Qh3
Qg6 31. g3 Nc5 32. Kf1 Qf6 0-1

[Event "Munich"]
[Site "Munich"]
[Date "1990.??.??"]
[Round "?"]
[White "Kindermann, Stefan"]
[Black "Nikolic, Predrag"]
[Result "1-0"]
[WhiteElo "2560"]
[BlackElo "2600"]
[Annotator "Schussler,H"]
[PlyCount "65"]
[EventDate "1990.04.??"]
[EventType "tourn"]
[EventRounds "11"]
[EventCountry "GER"]
[EventCategory "13"]
[SourceTitle "CBM 018"]
[Source "ChessBase"]
[SourceDate "1990.10.01"]
[SourceVersion "1"]
[SourceVersionDate "1990.10.01"]
[SourceQuality "1"]

1. e4 e5 2. Nf3 Nc6 3. Bb5 a6 4. Ba4 Nf6 5. O-O b5 6. Bb3 Bb7 7. c3 Nxe4 8. d4
Be7 $6 (8... Na5) 9. Qe2 d5 10. dxe5 Na5 11. Bc2 c5 12. Nbd2 Nxd2 13. Bxd2 Nc4
14. Bf4 O-O 15. b3 Nb6 16. e6 $1 $16 Bc8 17. exf7+ Rxf7 18. Ne5 Rxf4 19. Nc6
Qd6 20. Nxe7+ Kf8 21. Rae1 Bg4 22. f3 Bh5 23. Nf5 Qc7 24. g3 Re8 25. Qd2 Rxe1
26. Rxe1 Rxf3 27. Qg5 Bg6 28. Nxg7 Kxg7 29. Re7+ Qxe7 30. Qxe7+ Rf7 31. Qe5+
Rf6 32. Bxg6 Kxg6 33. Qe8+ 1-0

[Event "Leon"]
[Site "Leon"]
[Date "1991.??.??"]
[Round "?"]
[White "De la Villa Garcia, Jesus Maria"]
[Black "Fernandez Garcia, Jose Luis"]
[Result "0-1"]
[WhiteElo "2470"]
[BlackElo "2470"]
[Annotator "Schussler,H"]
[PlyCount "120"]
[EventDate "1991.06.??"]
[EventType "tourn"]
[EventRounds "9"]
[EventCountry "ESP"]
[EventCategory "10"]
[SourceTitle "CBM 025"]
[Source "ChessBase"]
[SourceDate "1991.12.01"]
[SourceVersion "1"]
[SourceVersionDate "1991.12.01"]
[SourceQuality "1"]

1. e4 e5 2. Nf3 Nc6 3. Bb5 a6 4. Ba4 Nf6 5. O-O Bc5 6. Nxe5 Nxe5 7. d4 Nxe4 8.
Qe2 Be7 (8... Qe7 9. Qxe4 Nc6 10. Qxe7+ $14 {Or 10.Qg4 + =}) 9. Qxe4 Ng6 10. c4
O-O 11. Nc3 c6 $5 {Gulko} 12. Qd3 {A new move, directed against f7-f5.} (12. d5
f5 13. Qe2 Bf6 $13) (12. Bc2 d6 13. Qd3 f5 14. f4 Bf6 15. Kh1 Bd7 16. a4 a5 17.
Be3 $14 {Fedorowicz,J-Gulko,B, USA 1989. 12. - f5!? 13.Qd3 f4 (Fedorowicz)})
12... b5 $5 13. Bb3 {13.Bc2 bxc4 14.Qxc4 a5!} bxc4 14. Bxc4 {14.Qxc4 a5} d5 15.
Bb3 a5 16. Re1 Bd6 17. Be3 Nh4 18. Qd1 Nxg2 $5 19. Kxg2 Qh4 20. f4 Bg4 21. Qd2
Rae8 22. Qf2 Qh3+ 23. Kg1 Re6 24. Bd1 Bxd1 25. Raxd1 Be7 26. Bd2 Bh4 27. Qf1
Qg4+ 28. Qg2 Qxg2+ 29. Kxg2 Bxe1 30. Rxe1 Rxe1 31. Bxe1 f5 32. b3 Re8 33. Kf2
Kf7 34. Bd2 $16 Ke7 35. Na4 Ra8 36. Nc5 Ra7 37. a4 h6 38. h4 Kf6 39. b4 axb4
40. Bxb4 g5 41. hxg5+ hxg5 42. fxg5+ Kxg5 43. a5 Kg4 44. a6 f4 45. Ba5 f3 46.
Bb6 Re7 47. a7 Re2+ 48. Kf1 Ra2 49. Nb3 Ra6 50. Kf2 Ra2+ 51. Kf1 Ra6 52. Na5 $2
Kf4 53. Kf2 Ke4 54. Nb3 Ra2+ 55. Kf1 Ke3 56. Ba5 Rf2+ 57. Ke1 Re2+ 58. Kd1 f2
59. Nd2 Rxd2+ 60. Bxd2+ Kd3 0-1

[Event "URS-ch57"]
[Site "Leningrad"]
[Date "1990.??.??"]
[Round "?"]
[White "Dvoirys, Semen I"]
[Black "Beliavsky, Alexander G"]
[Result "1/2-1/2"]
[WhiteElo "2555"]
[BlackElo "2605"]
[Annotator "Schussler,H"]
[PlyCount "105"]
[EventDate "1990.10.??"]
[EventType "tourn"]
[EventRounds "13"]
[EventCountry "URS"]
[EventCategory "14"]
[SourceTitle "URS-ch"]
[Source "ChessBase"]
[SourceDate "1999.07.01"]
[SourceVersion "1"]
[SourceVersionDate "1999.07.01"]
[SourceQuality "1"]

1. e4 e5 2. Nf3 Nc6 3. Bb5 a6 4. Ba4 Nf6 5. O-O b5 6. Bb3 Bb7 7. c3 Nxe4 8. d4
Na5 9. Bc2 exd4 10. b4 Nc4 11. Bxe4 Bxe4 12. Re1 d5 13. Nxd4 c5 14. bxc5 Bxc5
15. f3 O-O 16. fxe4 dxe4 17. Rxe4 Qd5 18. Rh4 (18. Qf3 Ne5 $1 19. Qf5 Rae8 20.
Nd2 b4 21. Rh4 $5 g6 22. Ne4 Bxd4+ 23. cxd4 Qxd4+ 24. Qf2 Qd1+ 25. Qf1 Qd4+ $10
{Hellers,F-Shirov,A/ Stockholm/1990.}) 18... Rad8 19. Qd3 {19.a3 intending to
play Ta2 at some point is interesting.} f5 20. Bg5 Rde8 {New!} (20... Rd6 21.
Nd2 Ne5 22. Qf1 Ng6 23. Rh3 f4 24. N2f3 b4 $13 {Ulibin-Hauchard, World Junior,
Chile 1990.}) 21. Nd2 Ne5 22. Qf1 f4 $1 $13 23. Kh1 Ng6 24. Rh5 Bxd4 25. cxd4
h6 26. Qd3 Qf5 27. Qb3+ Rf7 28. Nf3 Re3 29. Bxf4 Qxf4 30. Qd5 Ne7 31. Qb7 Nf5
32. Qxa6 Qe4 33. Rf1 Qd3 34. Qc8+ Rf8 35. Qc1 g6 36. Rh3 g5 37. Rd1 Qe4 38. Nd2
Qd5 39. Rf3 g4 40. Rf4 h5 41. Qc5 Qxc5 42. dxc5 Rd3 43. c6 Ne7 44. Rxf8+ Kxf8
45. c7 Rd7 46. Rf1+ Kg7 47. Nb3 Rxc7 48. Nd4 Rb7 49. a3 b4 50. axb4 Rxb4 51.
Ne6+ Kg6 52. Nf4+ Kh6 53. g3 1/2-1/2

[Event "Niksic"]
[Site "Niksic"]
[Date "1991.??.??"]
[Round "5"]
[White "Ivanovic, Bozidar"]
[Black "Todorovic, Goran M"]
[Result "1/2-1/2"]
[WhiteElo "2535"]
[BlackElo "2490"]
[Annotator "Schussler,H"]
[PlyCount "40"]
[EventDate "1991.04.??"]
[EventType "tourn"]
[EventRounds "13"]
[EventCountry "YUG"]
[EventCategory "9"]
[SourceTitle "CBM 024"]
[Source "ChessBase"]
[SourceDate "1991.10.01"]
[SourceVersion "1"]
[SourceVersionDate "1991.10.01"]
[SourceQuality "1"]

1. e4 e5 2. Nf3 Nc6 3. Bb5 a6 4. Ba4 Nf6 5. O-O b5 6. Bb3 Bb7 7. d4 Nxd4 8.
Nxd4 exd4 9. e5 Ne4 10. Qf3 Qe7 11. Nd2 Nc5 12. Bd5 c6 13. b4 $5 (13. Ne4 Nxe4
14. Bxe4 O-O-O 15. a4 b4 $13 {Garcia,G - Rodriguez,A, Havana 1983.}) 13... cxd5
14. bxc5 Qxc5 15. Nb3 Qxc2 16. Bd2 $6 {16.Nxd4!?} Be7 17. Rac1 Qe4 18. Qh3 Bc6
19. f4 d3 $17 20. Rf3 Bb4 1/2-1/2